Genetic algorithms in search, optimization, and machine learning (Record no. 26690)
[ view plain ]
| 000 -LEADER | |
|---|---|
| fixed length control field | 00582nam a22001817a 4500 |
| 001 - CONTROL NUMBER | |
| control field | 146858 |
| 003 - CONTROL NUMBER IDENTIFIER | |
| control field | OSt |
| 005 - DATE AND TIME OF LATEST TRANSACTION | |
| control field | 20230922164226.0 |
| 008 - FIXED-LENGTH DATA ELEMENTS--GENERAL INFORMATION | |
| fixed length control field | |
| 020 ## - INTERNATIONAL STANDARD BOOK NUMBER | |
| International Standard Book Number | 9788177588293 |
| 082 ## - DEWEY DECIMAL CLASSIFICATION NUMBER | |
| Classification number | 006.31 |
| Item number | G56G |
| 100 1# - MAIN ENTRY--PERSONAL NAME | |
| Personal name | Goldberg, David E. |
| 245 1# - TITLE STATEMENT | |
| Title | Genetic algorithms in search, optimization, and machine learning |
| Statement of responsibility, etc | by David E. Goldberg |
| 260 ## - PUBLICATION, DISTRIBUTION, ETC. (IMPRINT) | |
| Place of publication, distribution, etc | Noida, UP |
| Name of publisher, distributor, etc | Pearson India Education Services |
| Date of publication, distribution, etc | 2013 |
| 300 ## - PHYSICAL DESCRIPTION | |
| Extent | xiii, 412 p. |
| 653 ## - INDEX TERM--UNCONTROLLED | |
| Uncontrolled term | Machine learning; Genetic algorithms; Algorithms; Combinatorial optimizations |
| 942 ## - ADDED ENTRY ELEMENTS (KOHA) | |
| Koha item type | Books |
| Source of classification or shelving scheme | Dewey Decimal Classification |
| Withdrawn status | Lost status | Source of classification or shelving scheme | Damaged status | Not for loan | Collection code | Home library | Current library | Date acquired | Source of acquisition | Cost, normal purchase price | Total Checkouts | Full call number | Barcode | Date last seen | Price effective from | Koha item type |
|---|---|---|---|---|---|---|---|---|---|---|---|---|---|---|---|---|
| Dewey Decimal Classification | General Text Book | Central University Of Rajasthan | Central University Of Rajasthan | 22/09/2023 | CSC | 910.00 | 006.31 G56G | 42509 | 22/09/2023 | 22/09/2023 | Books | |||||
| Dewey Decimal Classification | General Text Book | Central University Of Rajasthan | Central University Of Rajasthan | 22/09/2023 | CSC | 910.00 | 006.31 G56G | 42508 | 22/09/2023 | 22/09/2023 | Books |
